000
00227nam a2200097Ia 4500
005
20251222114412.0
008
251222s1900||||xx |||||||||||||| ||spa||
082
_a
DVD0110/M41/1972
245
0
_a
Snoopy, vuelve a casa:
942
_c
DVD
999
_c
2072
_d
2072